| 000 | 00972naa a22002657a 4500 | ||
|---|---|---|---|
| 001 | BR7601773 | ||
| 003 | BR-BrBNA | ||
| 005 | 20250714141726.0 | ||
| 007 | ta | ||
| 008 | 250630b bl.|||m| |||| 00| 0 por d | ||
| 040 |
_aBR-BrBNA _bpor _cBiblioteca Nacional de Agricultura |
||
| 041 | _a(Pt) | ||
| 072 |
_aE70 _b8000 _bG514 |
||
| 090 | _aE70 BR7601773 | ||
| 100 | 1 | _aSantos, C.A.M. dos | |
| 100 | 1 | _aFaulhaber, C. | |
| 100 | 1 | _aRibeiro, R.C. | |
| 245 | 1 | _aCentro de Treinamento em Inspecao e Controle de Qualidade de Pescado e Derivados. Ante projeto de construcao [Brasil] | |
| 500 | _aBoletim informativo Brasilia, DF (Brasil): 1976. p. 1-13 [11 ref.] (BR7601773-AMS) | ||
| 650 | _aComercializacao | ||
| 650 | _aPeixe | ||
| 490 |
_aBoletim Informativo. Serie Ensaios - Departamento Nacional de Inspecao de Produtos de Origem Animal. Div. de Inspecao de Pescado e Derivados (Brazil) _vno. 2 |
||
| 942 |
_cAMS _2AGRIS |
||
| 909 |
_a202506 _bLúcia _c55 _dLúcia Elande |
||
| 999 |
_c332926 _d332926 |
||